Sotilasarvot Suomen merivoimissa. - Statistics

Yleistilastot
  • Tätä visaa on pelattu 163 kertaa
  • Keskiarvotulos 13 / 22
Vastaustilastot
Kuvavisa Vastaus % Oikein
Matruusi
87%
Alikersantti
77%
Amiraali
70%
Ylimatruusi
69%
Kersantti
63%
Pursimies
63%
Ylikersantti
63%
Aliupseerioppilas
62%
Luutnantti
62%
Sotilasmestari
62%
Ylipursimies
62%
Aliluutnantti
61%
Yliluutnantti
59%
Upseerioppilas
56%
Kontra-amiraali
54%
Lippueamiraali
54%
Upseerikokelas
54%
Vara-amiraali
52%
Kapteeniluutnantti
48%
Komentajakapteeni
48%
Kommodori
48%
Komentaja
46%
Ehtoja vastaavia visoja ei löytynyt
Tulosjakauma
Jokaisen tuloksen saaneiden osuus
Persentiili vastausten määrän mukaan
Tuloshistoriasi
Et ole pelannut tätä visaa